| 000 | 00348nam a2200133Ia 4500 | ||
|---|---|---|---|
| 008 | 240624s9999 xx 000 0 und d | ||
| 041 | _aeng | ||
| 082 | _a200 PAT | ||
| 100 | _aPATTANAIK DEVDUTT | ||
| 245 | _aSHIVA TO SHANKARA GIVING FROM TO THE FOR | ||
| 260 |
_c2017 _aNew Delhi _bHarper Collins |
||
| 300 | _axiii, 139 p.; 23 cm. | ||
| 365 | _cRS | ||
| 999 |
_c31933 _d31933 |
||